00833nam a22002297a 450000500170000001000150001702000260003203500140005803700090007208200100008110000260009124500750011725000060019226000400019827000840023830000200032270000330034270000330037594200240040899900190043295201520045120250611123721.0 aENG-145278 c350.00a9789393737120 aEN-128810 bDBAD a338.7 aKaur, Jaspreet981887 aBusiness Economics/ cJaspreet Kaur; Vijayakumar R [and] Rajakamal CH  a1 aMaduraibShanlax Publicationsc2022 a61, T.P.K., Main Road, Vasantha NagarbMadurai e625003mshanlax_1990@yahoo.com a225p.c24cm(pb) aVijayakumar ReAuthor981888 aRajakamal CH eAuthor981889 2ddccENh338.7mJAS c211730d211730 001040708NFICaMbMd2025-06-11eDelivery of Books Act Divisiong350.00l0o338.7 JASpEN-128810r2025-06-11 00:00:00t1v350.00w2025-06-11yEN